Termodinamica / William C. Reynolds (Registro nro. 21605)

Detalles MARC
000 -LÍDER
fixed length control field 00399nam a2200145 4500
008 - ELEMENTOS DE LONGITUD FIJA -- INFORMACIÓN GENERAL
fixed length control field 0 1965 0a 000 0MEX
020 ## - NÚMERO INTERNACIONAL NORMALIZADO PARA LIBROS
ISBN 0-07-0582038-3
050 ## - SIGNATURA TOPOGRAFICA DE LA BIBLIOTECA DEL CONGRESO (LC)
Número de Clasificación QC311 R466
082 ## - NUMERO DE CLASIFICACION DECIMAL DEWEY
Número de Clasificación 536.7 R579t
100 ## - ASIENTO PRINCIPAL--NOMBRE PERSONAL
Nombre personal Reynolds, William C.
245 ## - TÍTULO
Título Termodinamica / William C. Reynolds
260 ## - PUBLICACIÓN, DISTRIBUCIÓN, ETC. (PIE DE IMPRENTA)
Lugar de publicación, distribución, etc. México : Ediciones Castillo
300 ## - DESCRIPCIÓN FÍSICA
Extensión 488 p. / 23 cm.
650 ## - ASIENTO SECUNDARIO DE MATERIA - TERMINO TEMÁTICO
Término temático o nombre geográfico como elemento de entrada 1. TERMODINAMICA
Existencias
No. biblioteca No. biblioteca Número de clasificación Código de barras/Número de adquisición Número de copia Tipo de material
LUIS G. INCLAN LUIS G. INCLAN 536.7 R579t 3848 7 Libros
LUIS G. INCLAN LUIS G. INCLAN 536.7 R579t 3846 5 Libros
Calzada Tecnológico # 27, Zacatepec, Morelos.
01(734) 343-07-23 / 343-21-10 / 343-21-11
Apdo. Postal 45 C.P 62780